000 01033cam a22003135a 4500
008 090530s2008 maua|||frb||| 001 0 eng d
010 _a 2007006846
020 _a0321509684
020 _a9780321509680
020 _a9780321493620
020 _a0321493621
035 _a(OCoLC)ocm84838716
035 _a(OCoLC)84838716
040 _beng
_dEG-ScBUE
082 0 4 _a005.13
_bSEB
_222
100 1 _aSebesta, Robert W.
_95612
245 1 0 _aConcepts of programming languages /
_cRobert W. Sebesta.
250 _a8th ed.,Pearson International Edition.
_b.
260 _aBoston :
_bPearson Addison Wesley,
_cc.2008.
300 _axvii, 745 p. :
_bill. ;
_c25 cm.
500 _aIndex : p. 729-745.
504 _aIncludes bibliographical references.
590 _adoaa mohamed
651 _2BUEsh
653 _bCOMSCI
650 0 _95613
_aProgramming languages (Electronic computers)
_2BUEsh
856 4 1 _3Table of contents only
_uhttp://www.loc.gov/catdir/toc/ecip0711/2007006846.html
942 _cBB
_k005.13SEB
_2ddc
999 _c7759
_d7759